[Event "Rio de Janeiro Duchamp op"]
[Site "Rio de Janeiro"]
[Date "2017.11.18"]
[Round "9"]
[White "Moccero, Eduardo"]
[Black "Bueno, Alfeu Varela Jr"]
[Result "0-1"]
[WhiteElo "1957"]
[BlackElo "2186"]
[PlyCount "58"]
[EventDate "2017.11.11"]
[EventType "swiss"]
[EventRounds "9"]
[EventCountry "BRA"]
[SourceTitle "CBM 181 Extra"]
[Source "ChessBase"]
[SourceDate "2017.12.12"]
[SourceVersion "1"]
[SourceVersionDate "2017.12.12"]
[SourceQuality "1"]

1. e4 e6 2. d4 d5 3. exd5 exd5 4. c4 Bb4+ 5. Nc3 Nc6 6. Be3 Nf6 7. a3 Bxc3+ 8. bxc3 0-0 9. Nf3 Re8 10. h3 Ne4 11. Rc1 Ng3 12. cxd5 Nxh1 13. dxc6 Ng3 14. Bc4 Nf5 15. Ne5 Nd6 16. cxb7 Bxb7 17. Bd3 Qh4 18. Kf1 Be4 19. c4 f6 20. Nf3 Bxd3+ 21. Qxd3 Qe4 22. Qc3 Nf5 23. Re1 Nxe3+ 24. Rxe3 Qb1+ 25. Ne1 Rxe3 26. fxe3 a5 27. Kf2 a4 28. Qd3 Rb8 29. Qc3 Qb2+ 0-1

[Event "Rio de Janeiro Duchamp op"]
[Site "Rio de Janeiro"]
[Date "2017.11.17"]
[Round "8"]
[White "Okamura, Milton Kasuo"]
[Black "Moccero, Eduardo"]
[Result "0-1"]
[WhiteElo "2031"]
[BlackElo "1957"]
[PlyCount "104"]
[EventDate "2017.11.11"]
[EventType "swiss"]
[EventRounds "9"]
[EventCountry "BRA"]
[SourceTitle "CBM 181 Extra"]
[Source "ChessBase"]
[SourceDate "2017.12.12"]
[SourceVersion "1"]
[SourceVersionDate "2017.12.12"]
[SourceQuality "1"]

1. d4 d5 2. c4 e6 3. Nc3 c5 4. cxd5 exd5 5. Nf3 Nc6 6. g3 Nf6 7. Bg2 Be7 8. 0-0 0-0 9. Bg5 cxd4 10. Nxd4 h6 11. Bf4 Bg4 12. h3 Bh5 13. Rc1 Re8 14. Nf5 Bf8 15. g4 Bg6 16. Nxd5 Nxd5 17. Bxd5 Qb6 18. Be3 Rxe3 19. Nxe3 Rd8 20. Qb3 Nd4 21. Qc4 Qxb2 22. Rcd1 Nxe2+ 23. Kh1 Re8 24. Rde1 Rxe3 25. fxe3 Ng3+ 26. Kg1 Nxf1 27. Rxf1 Bd6 28. Bxf7+ Bxf7 29. Qxf7+ Kh7 30. Qf2 Qa3 31. Rd1 b6 32. Qf5+ Kh8 33. Qd3 Qc5 34. Kf2 Be7 35. Rd2 Bh4+ 36. Ke2 Qc1 37. Rd1 Qb2+ 38. Qd2 Qb5+ 39. Kf3 Qc6+ 40. Qd5 Qf6+ 41. Ke2 Qb2+ 42. Rd2 Qc1 43. Qa8+ Kh7 44. Qe4+ Kh8 45. Qf5 Qe1+ 46. Kd3 Qb1+ 47. Rc2 Qd1+ 48. Kc4 a6 49. Kb3 Qb1+ 50. Ka4 Qd1 51. Qc8+ Kh7 52. Qf5+ Kh8 0-1